000 00748nam a2200253Ia 4500
003 OSt
005 20221006143224.0
006 a|||||r|||| 00| 0
007 ta
008 221006b |||||||| |||| 00| 0 eng d
020 _c
_25.00
024 _a8,383
037 _cTextual
040 _aEASL
_cEASL
_beng
041 _2eng
_aeng
082 _aX4.42.N92, N3
100 _aYAMAMOTO Hirofumi Ed.
_9649449
245 0 _aTechnological innovation and the development of transportation in Japan
260 _aTokyo
_bUnited Nations University Press Japan
_c1993
300 _a296p.
_ccm.
490 _v JEL
_aJapanese Experience Series
942 _hX4.42.N92, N3
_cTEXL
_2CC
999 _c1076469
_d1076469